| 000 | 01123nam a22002897a 4500 | ||
|---|---|---|---|
| 003 | URS | ||
| 005 | 20260330134740.0 | ||
| 008 | 260314b |||||||| |||| 00| 0 eng d | ||
| 020 | _a978-1-11964-574-0 | ||
| 040 |
_erda _cURS _bEnglish |
||
| 050 | 1 | 0 |
_aRG571 _b.Ad951 2022 |
| 245 | 0 | 0 |
_aManaging medical and obstetric emergencies and trauma : _ba practical approach (Advanced Life Support Group) / _cAdvanced Life Support Group (ALSG) (Author), Rosamunde Burns (Editor), Kara Dent (Editor). |
| 250 | _aFourth edition | ||
| 264 |
_aHoboken, NJ : _bJohn Wiley & Sons, _c©2022. |
||
| 300 |
_axxvi, 401 pages : _bcolour illustrations ; _c27 cm. |
||
| 336 |
_atext _btxt _2rdacontent |
||
| 337 |
_aunmediated _bn _2rdamedia |
||
| 338 |
_avolume _bnc _2rdacarrier |
||
| 504 | _aIncludes bibliographies and index. | ||
| 650 | 0 |
_aObstetrical emergencies. _96688 |
|
| 650 | 0 |
_aPregnancy _xcomplications. _96504 |
|
| 650 | 0 |
_aGynecologic emergencies. _96689 |
|
| 700 |
_aAdvanced Life Support Group (ALSG), _eauthor. _96690 |
||
| 700 |
_aBurns, Rosamunde, _eeditor. _96691 |
||
| 700 |
_aDent, Kara, _eeditor. _96692 |
||
| 942 |
_2lcc _cR |
||
| 999 |
_c99027 _d99024 |
||